000 00492nam a2200181Ia 4500
005 20250508154306.0
008 008 250505s9999 xx 000 0 eng d
037 _aTextual
040 _aFEDL
_beng
_cFEDL
041 _aeng
_2eng
084 _a954, PAN
_qFEDL
100 _aPanikkar K M
245 0 _aIndia: Past and Present
260 _aNew Jersey, USA
_bPrentice-Hall International, Inc.
_c1964
300 _a78p
942 _cTEXL
_h954, PAN
999 _c1349405
_d1349405